00405nam a2200121Ia 4500003000400000005001700004008004100021040001800062041000800080100004500088245011700133260003300250OSt20260128124347.0211028s2018 xx 000 0 und d cAIMIT LIBRARY aeng aShet, Ashwini; D Souza, Lestan.g1616024 aSatisfaction level of the employees regarding their recruitment and selection process in campco ltd Mangalore / aMangalorebBeena Dias.c2018